| 000 | 00518nam a2200169 i 4500 | ||
|---|---|---|---|
| 001 | 49682 | ||
| 003 | ES-MaACL | ||
| 005 | 20230906162038.0 | ||
| 007 | t| | ||
| 008 | 030721s1971 sp ||||1| spa d | ||
| 100 | 1 |
_aCouceiro Freijomil, Antonio. _941215 |
|
| 245 | 1 | 0 |
_aHistoria de Puentedeume y su comarca / _cAntonio Couceiro Freijomil. |
| 260 |
_aPuentedeume : _b[s.n.], _c1970. |
||
| 300 |
_a458 p., 8 lám. : _bil. ; _c23 cm. |
||
| 651 | 4 |
_aPontedeume- _xHistoria. _9157525 |
|
| 852 |
_aES-MaACL _jC-44528 _bR.78242 |
||
| 999 |
_c49682 _d49682 |
||